Statistics for NFL QB Interception Leaders from 1990 to 2013

Click here to take the quiz!

General Stats

  • This quiz has been taken 1,198 times
  • The average score is 18 of 30

Answer Stats

YearTeamsIntPlayer% Correct
2013NYG27Eli Manning
99%
2010NYG25Eli Manning
99%
2007NYG20Eli Manning
99%
1998IND28Peyton Manning
98%
2012DAL19Tony Romo
96%
2012NOR19Drew Brees
91%
2008NYJ22Brett Favre
86%
2005GNB29Brett Favre
86%
1993GNB24Brett Favre
86%
2009CHI26Jay Cutler
85%
2007CIN20Carson Palmer
74%
2006PIT23Ben Roethlisberger
73%
1994NWE27Drew Bledsoe
67%
1992BUF19Jim Kelly
62%
2002MIN23Daunte Culpepper
59%
2011BUF23Ryan Fitzpatrick
59%
1991HOU21Warren Moon
55%
1990CIN22Boomer Esiason
42%
2001KAN24Trent Green
42%
1999ARI24Jake Plummer
40%
2004DEN20Jake Plummer
40%
2007DET20Jon Kitna
39%
2003STL22Marc Bulger
37%
2000NYJ25Vinny Testaverde
33%
2004DAL20Vinny Testaverde
33%
1997CAR21Kerry Collins
25%
2004OAK20Kerry Collins
25%
2003DET22Joey Harrington
21%
1995ARI21Dave Krieg
4%
1996ATL25Bobby Hebert
3%

Score Distribution

Percentile by Number Answered

Percent of People with Each Score

Your Score History

You have not taken this quiz